000 00316nam a22001337a 4500
008 190304b xxu||||| |||| 00| 0 eng d
020 _a9781418836252
041 _aeng
080 _a004
100 _a28
101 _aSHK
245 _aAn Introduction to Programming using Alice
_cHerbert,Ch.W
942 _2udc
_cBK
999 _c54420
_d54420